|
|
|
|
| LEADER |
00626cam a2200169 7i4500 |
| 001 |
0000025808 |
| 005 |
20110201090000.0 |
| 090 |
0 |
0 |
|a MEXC 690
|b MAL
|
| 110 |
2 |
0 |
|a Malaysia External Trade Development Corporation (MATRADE)
|
| 245 |
2 |
0 |
|a Opportunities in construction and infrastructure in Mexico :
|b product market study 2010.
|
| 260 |
0 |
0 |
|a Mexico City:
|b MATRADE Mexico City,
|c 2010.
|
| 300 |
# |
# |
|a 34 p.
|
| 440 |
0 |
0 |
|a Product Market Study
|
| 650 |
0 |
0 |
|a Construction industry --
|x Markets --
|z Mexico
|
| 650 |
0 |
0 |
|a Infrastructure --
|x Markets --
|z Mexico
|
| 651 |
0 |
0 |
|a Mexico
|
| 999 |
|
|
|a 0000027714
|b Book
|c Countries
|e Business Information Centre
|